Les 15 Îles les les plus peuplées au monde - Mort subite - Statistiques

Statistiques générales
  • Ce quiz a été pris 151 fois
  • Le résultat moyen est 4 sur 15
Answers on the Grid
Answers color-coded by a green-red scale on the quiz's grid according to % correct below.
Java
Honshu
Grande-Bretagne
Luçon
Sumatra
Madagascar
Mindanao
Hispaniola
Taiwan
Sri Lanka
Bornéo
Kyushu
Célèbes
Salsette
Nouvelle-Guinée
Irlande
Sicile
Hokkaido
Shikoku
Bali
Jamaique
Sardaigne
Tenerife
Fidji
Corse
Barbade
Maurice
Seychelles
Comores
Kiribati
 
Statistiques - réponses
Réponse % Correct
Grande-Bretagne
66%
Madagascar
48%
Sri Lanka
37%
Taiwan
36%
Java
34%
Sumatra
32%
Honshu
29%
Bornéo
24%
Hispaniola
19%
Luçon
19%
Nouvelle-Guinée
18%
Kyushu
15%
Mindanao
9%
Célèbes
7%
Salsette
0%
Aucun quiz correspondant
Distribution des résultats
% des personnes avec chaque résultat
Percentile par nombre de réponses
Votre historique - résultats
Vous n’avez pas pris ce quiz